000 00504nam a22001935a 4500
001 002928
003 armpunfd
005 20150623144401.0
008 140911s1920####ag############000#0#und#d
080 _a347.41 C 545
100 1 _aColmo, Alfredo.
245 1 0 _aDe las Obligaciones en General /
260 _aBuenos Aires :
_bLibrería y Casa Editora de Jesus Menendez,
_c1920.
300 _a798 P.
650 7 _aObligaciones
_2LEMB
651 _2LEMB
945 _acd
_d2014-09-11
999 _c3281
_d233785